Konštruovanie a projektovanie drevárskych strojov z hľadiska obsluhy a údržby

Bibliographic Details
Main Author: Jakubčík, Karol (Author)
Format: Article
Language:Slovak
Subjects:

MARC

LEADER 00000nab a2200000 a 4500
001 vtls000143646
003 SK-MaSNL
005 20260303025717.0
008 140328c1983 xo 0 slo
015 |a SNBRB19rr/mm-uuuuu 
035 |a CL0153753 
040 |a SNKBUCL  |b slo  |c SNKBUCL  |e AACR2 
041 0 |a slo 
044 |a xo  |c SK 
080 |a 674.05  |2 1981 
100 1 |a Jakubčík, Karol  |4 aut  |9 5649 
245 1 0 |a Konštruovanie a projektovanie drevárskych strojov z hľadiska obsluhy a údržby  |c Karol Jakubčík 
650 0 7 |a stroje drevárske  |2 snkbucl  |9 491301 
655 7 |a články z novín a časopisov  |2 snkbucl  |9 267496 
773 0 |t Drevo  |g Roč. 38, č. 1 (1983), s. 13-15 
850 |a Slovenská národná knižnica v Martine  |a MTA001 
852 |a SNK  |b KIS3GCP 
958 |a RK 
992 |a RBX 
999 |c 1647921  |d 1649851